Welcome to the Holygrace Academy Library

Please use search bar below to get started

THE SEVENTH TOWER (Record no. 3609)

MARC details
000 -LEADER
fixed length control field 00304nam a22001337a 4500
020 ## - INTERNATIONAL STANDARD BOOK NUMBER
ISBN 0-439-17682-4
082 ## - DEWEY DECIMAL CLASSIFICATION NUMBER
Classification number 823
Item number NIX/S
100 ## - MAIN ENTRY--AUTHOR NAME
Personal name NIX, GARTH
245 ## - TITLE STATEMENT
Title THE SEVENTH TOWER
Remainder of title THE FALL
260 ## - PUBLICATION, DISTRIBUTION, ETC. (IMPRINT)
Place of publication NEW YORK
Name of publisher SCHOLASTIC INC
Year of publication 2000
300 ## - PHYSICAL DESCRIPTION
Number of Pages 195
650 ## - SUBJECT ADDED ENTRY--TOPICAL TERM
Topical Term NOVEL
Geographic subdivision UNITED STATES
942 ## - ADDED ENTRY ELEMENTS (KOHA)
Koha item type Books
Holdings
Withdrawn status Lost status Collection code Home library Current library Shelving location Date acquired Source of acquisition Full call number Accession Number Koha item type
    Fiction Main Library Main Library SHELF-14-I- ALPHABETICAL N,O --ENGLISH NOVELS & FICTIONS 01/05/2009 purchase 823 NIX/S 03635 Books